University Home | Library Home | Institutional Repository

The morality of the criminal law : (Record no. 185803)

MARC details
000 -LEADER
fixed length control field 01330cam3a220026500 4500
001 - CONTROL NUMBER
control field qce00948022
005 - DATE AND TIME OF LATEST TRANSACTION
control field 20190830104352.0
008 - FIXED-LENGTH DATA ELEMENTS--GENERAL INFORMATION
fixed length control field 750218s1964 is 000 0 eng u
010 ## - LIBRARY OF CONGRESS CONTROL NUMBER
LC control number he 65001155
035 ## - SYSTEM CONTROL NUMBER
System control number (Sirsi) r112048
035 ## - SYSTEM CONTROL NUMBER
System control number (QCAT)lss00744805
035 ## - SYSTEM CONTROL NUMBER
System control number (UPRA)qce00948022
040 ## - CATALOGING SOURCE
Modifying agency UPRA
100 1# - MAIN ENTRY--PERSONAL NAME
Personal name Hart, H. L. A. (Herbert Lionel Adolphus), 1907-
Fuller form of name Hart, H. L. A. (Herbert Lionel Adolphus), 1907-
Dates associated with a name Hart, H. L. A. (Herbert Lionel Adolphus), 1907-
Linkage A40718.1
245 14 - TITLE STATEMENT
Title The morality of the criminal law :
Remainder of title two lectures /
Statement of responsibility, etc. by H.L.A. Hart.
260 ## - PUBLICATION, DISTRIBUTION, ETC.
Place of publication, distribution, etc. Jerusalem :
Name of publisher, distributor, etc. Magnes Press, Hebrew University,
Date of publication, distribution, etc. 1964.
490 1# - SERIES STATEMENT
Series statement Hebrew University of Jerusalem. Lionel Cohen lectures, 10th ser., 1964
504 ## - BIBLIOGRAPHY, ETC. NOTE
Bibliography, etc. note Bibliographical footnotes.
650 #0 - SUBJECT ADDED ENTRY--TOPICAL TERM
Topical term or geographic name entry element Insanity -- Jurisprudence -- Great Britain.
General subdivision Insanity -- Jurisprudence -- Great Britain.
Geographic subdivision Insanity -- Jurisprudence -- Great Britain.
Linkage S32707.1
650 #0 - SUBJECT ADDED ENTRY--TOPICAL TERM
Topical term or geographic name entry element Criminal liability -- Great Britain.
Geographic subdivision Criminal liability -- Great Britain.
Linkage S51553.1
650 #0 - SUBJECT ADDED ENTRY--TOPICAL TERM
Topical term or geographic name entry element Law and ethics.
Linkage S29010.1
810 2# - SERIES ADDED ENTRY--CORPORATE NAME
Corporate name or jurisdiction name as entry element Universitah ha-`Ivrit bi-Yerushalayim. Lionel Cohen lectures ;
Title of a work Universitah ha-`Ivrit bi-Yerushalayim. Lionel Cohen lectures ;
Volume/sequential designation 10th ser., 1964.
Linkage S11306.1
949 ## - LOCAL PROCESSING INFORMATION (OCLC)
a KD94
w lcc
i 33729001748214
m MAIN
p 2500
t BOOK
l ON-SHELF

No items available.

© 2026 - The University of Zambia Library - Koha v25.11